Central Library OPAC University of Rajshahi

Political parties in Norway : (Record no. 42401)

MARC details
000 -LEADER
fixed length control field 00714nam a2200229 a 4500
001 - CONTROL NUMBER
control field 42401
003 - CONTROL NUMBER IDENTIFIER
rucl marc code BD-RjUL
005 - DATE AND TIME OF LATEST TRANSACTION
control field 20211209053533.0
008 - FIXED-LENGTH DATA ELEMENTS--GENERAL INFORMATION
fixed length control field 160612s1964 enka 001 0 eng u
035 ## - SYSTEM CONTROL NUMBER
System control number (BD-RjUL)42519
040 ## - CATALOGING SOURCE
Language of cataloging eng
Transcribing agency BD-RjUL
Original cataloging agency BD-RjUL
041 ## - LANGUAGE CODE
Language code of text/sound track or separate title eng
082 ## - DEWEY DECIMAL CLASSIFICATION NUMBER
Edition number 23
Classification number 324.2481
Author mark and year VAP 1964
100 1# - MAIN ENTRY--PERSONAL NAME
Personal name Valen, Henry.
9 (RLIN) 130425
245 10 - TITLE STATEMENT
Title Political parties in Norway :
Remainder of title a community study /
Statement of responsibility, etc. Henry Valen , Daniel Katz.
260 ## - PUBLICATION, DISTRIBUTION, ETC. (IMPRINT)
Place of publication, distribution, etc. Oslo :
Name of publisher, distributor, etc. Universitetsforlaget ;
Place of publication, distribution, etc. London :
Name of publisher, distributor, etc. Tavistock Publications,
Date of publication, distribution, etc. 1964
300 ## - PHYSICAL DESCRIPTION
Pagination xi, 383 p. :
Illustrations ill. ;
Size 21 cm.
500 ## - GENERAL NOTE
General note Includes index.
650 #0 - SUBJECT ADDED ENTRY--TOPICAL TERM
Topical term or geographic name as entry element Political parties
Geographic subdivision Norway
9 (RLIN) 130426
700 1# - ADDED ENTRY--PERSONAL NAME
Personal name Katz, Daniel.
942 ## - ADDED ENTRY ELEMENTS (KOHA)
Source of classification or shelving scheme Dewey Decimal Classification
Koha item type Books
Holdings
Lost status Source of classification or shelving scheme Damaged status Not for loan Collection code Permanent Location Current Location Shelving location Date acquired Source of acquisition Cost, normal purchase price Total Checkouts Full call number Date last seen Copy number Koha item type
  Dewey Decimal Classification     Non-fiction Central Library, University of Rajshahi Central Library, University of Rajshahi   08/02/1967 Royal Pro. co. 42.25   324.2481 VAP 1964 12/06/2016 C-2 Books